000 00226nam a2200085 4500
999 _c263825
_d263824
020 _a0878270043
245 _aNow You Know: Animal Coverings
260 _aUSA
_bEncyclopaedia Britannica Educational Corporation
_c1972
942 _cBK